55 лет Томскому телевидению; Томский политехник; Вып. 16

Dettagli Bibliografici
Parent link:Томский политехник: ежегодный журнал/ Томский политехнический университет (ТПУ), Ассоциация выпускников.— , 1995-
Вып. 16.— 2010.— [С. 88-91]
Autore principale: Кондаков П. П.
Riassunto:Заглавие с титульного листа
Электронная версия печатной публикации
Lingua:russo
inglese
Pubblicazione: 2010
Serie:Юбилеи ТПУ
Soggetti:
Accesso online:http://www.lib.tpu.ru/fulltext/v/Tomsk_polytechnic/2010/N16a18.pdf
Natura: MixedMaterials Elettronico Capitolo di libro
KOHA link:https://koha.lib.tpu.ru/cgi-bin/koha/opac-detail.pl?biblionumber=207557

MARC

LEADER 00000nla2a2200000 4500
001 207557
005 20231031191207.0
035 |a (RuTPU)RU\TPU\book\226440 
035 |a RU\TPU\book\226431 
090 |a 207557 
100 |a 20120125d2010 km y0rusy50 ca 
101 0 |a rus  |a eng 
102 |a RU 
135 |a drnn ---uucaa 
181 0 |a i  
182 0 |a b 
200 1 |a 55 лет Томскому телевидению  |b Электронный ресурс  |d Tomsk television celebrates its 55th anniversary  |f П. П. Кондаков 
203 |a Текст  |c электронный 
215 |a 1 файл (2.1 Мб) 
225 1 |a Юбилеи ТПУ 
230 |a Электронные текстовые данные (1 файл : 2.1 Мб) 
300 |a Заглавие с титульного листа 
300 |a Электронная версия печатной публикации 
337 |a Adobe Reader 
461 1 |0 (RuTPU)RU\TPU\book\202435  |t Томский политехник  |o ежегодный журнал  |f Томский политехнический университет (ТПУ), Ассоциация выпускников  |d 1995- 
463 1 |0 (RuTPU)RU\TPU\book\224220  |t Вып. 16  |v [С. 88-91]  |d 2010  |p 102 с. 
510 1 |a Tomsk television celebrates its 55th anniversary  |z eng 
610 1 |a телевидение 
610 1 |a история 
610 1 |a юбилеи 
610 1 |a Томск 
610 1 |a электронный ресурс 
700 1 |a Кондаков  |b П. П. 
801 1 |a RU  |b 63413507  |c 20101101 
801 2 |a RU  |b 63413507  |c 20120130  |g RCR 
856 4 |u http://www.lib.tpu.ru/fulltext/v/Tomsk_polytechnic/2010/N16a18.pdf 
942 |c CF